Rainbow six siege life - Statistics

General Stats
  • This quiz has been taken 232 times
  • The average score is 2 of 7
Answer Stats
Question Answer % Correct
Who is more dummer Fuze
64%
Who is the most oldest Thatcher
52%
Who is the most tallest Kaid
44%
Who is a dad ? Lion
34%
Who is an auntie Ela
23%
Who is the most thiccest MONTAGNE
20%
Who has the most saddest life Lion
7%
No matching quizzes found
Score Distribution
Percent of People with Each Score
Percentile by Number Answered
Your Score History
You have not taken this quiz